000 01010nam a2200265 a 4500
001 000024815
005 20200930023403.0
008 110203s2004 mx r 000 | spa d
020 _a8888405208
040 _aDO-SdBNP
_bspa
_cBNPHU
082 _a850.9
_bP944h
100 1 _aPrezzolini , Giuseppe,
_d1882-1982
_950921
245 1 0 _aHistoria de bolsillo de la literatura italiana /
_cGiuseppe Prezzolini ; traducción Nuria Pérez Vicente ; introducción Pierfranco Bruni ; edición Danilo Manera.
260 _aMartorano Cesena, (Italia) :
_bArci Solidarietà Cesenate,
_c2004.
300 _a111 p. ;
_c17 cm..
490 1 _aUn Mar de Sueños
_v14
500 _aIncluye referencia bibliográficas
650 4 _aLiteratura italiana
_xHistoria y crítica
_939820
650 4 _aLiteratura
_xHistoria
_950922
700 1 _aPérez Vicente, Nuria
_etr.
_950923
700 1 _aBruni, Pierfranco
_eintr..
_950924
700 1 _aManera, Danilo
_eed.
_923179
830 0 _aUn Mar de Sueños;
_v14
_940693
049 _aBNGR
999 _c24308
_d24308